Children in difficulty : (Record no. 344267)
[ view plain ]
| 000 -LEADER | |
|---|---|
| fixed length control field | 01566 a2200205 4500 |
| 020 ## - INTERNATIONAL STANDARD BOOK NUMBER | |
| International Standard Book Number | 0415144590 |
| 020 ## - INTERNATIONAL STANDARD BOOK NUMBER | |
| International Standard Book Number | 9780415144599 |
| 082 04 - DEWEY DECIMAL CLASSIFICATION NUMBER | |
| Classification number | 618.928914 |
| 090 ## - LOCALLY ASSIGNED LC-TYPE CALL NUMBER (OCLC); LOCAL CALL NUMBER (RLIN) | |
| -- | 1753 |
| -- | 1753 |
| 100 1# - MAIN ENTRY--PERSONAL NAME | |
| Personal name | Elliott, Julian. |
| 245 10 - TITLE STATEMENT | |
| Title | Children in difficulty : |
| Remainder of title | a guide to understanding and helping / |
| Statement of responsibility, etc. | Julian Elliott. |
| 260 ## - PUBLICATION, DISTRIBUTION, ETC. | |
| Place of publication, distribution, etc. | [S.l.] : |
| Name of publisher, distributor, etc. | Routledge, |
| Date of publication, distribution, etc. | 1998. |
| 300 ## - PHYSICAL DESCRIPTION | |
| Extent | 240 p. ; |
| Dimensions | 24 cm. |
| 500 ## - GENERAL NOTE | |
| General note | Paperback. |
| 520 ## - SUMMARY, ETC. | |
| Summary, etc. | Written by two practicing clinicians, Children in Difficulty is designed as a guide for those who work with children. In clear, simple language it focuses upon some of the most common, most incapacitating difficulties encountered by young children and adolescents. After introducing and discussing different forms of therapy and treatment used in clinical work with children, the book provides a series of chapters, each dealing with a specific difficulty. Drawing upon recent research findings, and employing detailed case illustrations, it seeks to help the reader to understand the nature of each problem and offers a guide as to how the child in difficulty can best be helped. The book is designed to be of particular value to those working in education, social work, health and child-care settings, and anyone who needs to be able to recognize and help children in difficulty. |
| 700 1# - ADDED ENTRY--PERSONAL NAME | |
| Personal name | Place, Maurice. |
| 856 40 - ELECTRONIC LOCATION AND ACCESS | |
| Materials specified | Amazon.com |
| Uniform Resource Identifier | <a href="http://www.amazon.com/exec/obidos/ASIN/0415144590/chopaconline-20">http://www.amazon.com/exec/obidos/ASIN/0415144590/chopaconline-20</a> |
| 856 40 - ELECTRONIC LOCATION AND ACCESS | |
| Materials specified | Amazon customer reviews |
| Uniform Resource Identifier | <a href="http://www.chopac.org/cgi-bin/tools/azrev.pl?q=0415144590">http://www.chopac.org/cgi-bin/tools/azrev.pl?q=0415144590</a> |
| 942 ## - ADDED ENTRY ELEMENTS (KOHA) | |
| Institution code [OBSOLETE] | NBS |
| Koha item type | Book |
| Call number prefix | 618.928914 ELL |
| Withdrawn status | Lost status | Damaged status | Not for loan | Permanent Location | Current Location | Date acquired | Total Checkouts | Full call number | Barcode | Date last seen | Date last checked out | Price effective from | Koha item type |
|---|---|---|---|---|---|---|---|---|---|---|---|---|---|
| Central Library (CL) | Central Library (CL) | 08/28/2013 | 1 | 618.928914 ELL | NBS7718 | 04/06/2019 | 02/02/2019 | 08/28/2013 | Book |
